00624nam a2200205Ia 4500008004100000020001800041041000800059082002100067100001900088245007800107260003700185300000800222365001300230650001300243650001500256650001500271942001200286999001900298952010100317140306s9999 xx 000 0 und d a9781861978943 aeng a658.4012bSYR/SU aSyrett, Michel aSuccessful Strategy Execution : How to keep your business goals on target aLondonbProfile Books Ltd.c2008 a164 bRs.250/- aFriction aInnovation aLeadership 2ddccBK c186211d186211 00102ddc4070aKAUCBVbKAUCBVg250.00l0o658.4012 SYR/SUr2014-03-22 00:00:00w2014-03-22yBK